LEADER 01149nam0 22003373i 450 001 UBO1768377 005 20231121125857.0 010 $a2070367819 010 $a9782070367818 100 $a20200115d1956 ||||0itac50 ba 101 | $afre 102 $afr 181 1$6z01$ai $bxxxe 182 1$6z01$an 200 1 $a˜Le œmauvais oeil$asuivi de au bois dormant$fBoileau$gNarcejac 210 $aParis$cDenoel$d1956 215 $a221 p.$d18 cm. 225 | $aFolio$v781 410 0$1001RAV0110397$12001 $aFolio$v781 700 1$aBoileau$b, Pierre$3CFIV098908$4070$0490324 701 1$aNarcejac$b, Thomas$3CFIV098909$4070$0244185 790 1$aAyraud$b, Pierre Robert$3UBOV454549$zNarcejac, Thomas 801 3$aIT$bIT-01$c20200115 850 $aIT-FR0017 899 $aBiblioteca umanistica Giorgio Aprea$bFR0017 $eN 912 $aUBO1768377 950 0$aBiblioteca umanistica Giorgio Aprea$d 52FOLIO 781$e 52FLS0000062655 VMB RS stampa 1972$fA $h20200115$i20200115 977 $a 52 996 $aSuivi de au bois dormant$93640322 996 $aMauvais oeil$93640321 997 $aUNICAS